000
00332nam a2200145Ia 4500
100
_a
Markus/ John
650
_a
Electrical Engineering
942
_c
BK
654
_a
Television
245
_a
Television & radio repairing
260
_b
Tata Mc Graw hill
_a
New Delhi
_c
1981
082
_a
621.3
300
_a
568
546
_a
ENGLISH
999
_c
17928
_d
17928